Statistics for Capitals of the World with an Empty Map

Click here to take the quiz!

General Stats

  • This quiz has been taken 255 times
    (239 since last reset)
  • The average score is 154 of 196

Answers on the Map

Answers color-coded by a green-red scale on the quiz's map according to % correct below.
 

Answer Stats

Country% Correct
Madrid
95%
Paris
95%
Lisbon
94%
Moscow
94%
Rome
94%
Berlin
93%
Kiev
93%
London
93%
Mexico
93%
Vienna
93%
Warsaw
93%
Washington DC
93%
Bern
92%
Oslo
92%
Ottawa
92%
Athens
91%
Beijing
91%
Brasilia
91%
Bucharest
91%
Budapest
91%
Helsinki
91%
Luxembourg
91%
Stockholm
91%
Ankara
90%
Baghdad
90%
Buenos Aires
90%
Cairo
90%
Copen Hagen
90%
Newdelhi
90%
Prague
90%
Sofia
90%
Amsterdam
89%
Dublin
89%
Lima
89%
Minsk
89%
Panama
89%
San Marino
89%
Seoul
89%
Tehran
89%
Canberra
88%
Jerusalem
88%
Tunis
88%
Algiers
87%
Belgrade
87%
Brussels
87%
Jakarta
87%
Monaco
87%
Pretoria / Cape Town/ Bloemfontein
87%
Reykjavik
87%
Tallinn
87%
Tokyo
87%
Andorra La vella
86%
Baku
86%
Bogota
86%
Damascus
86%
Guatemala
86%
Islamabad
86%
Kabul
86%
Riga
86%
Santiago
86%
Vatican
86%
Abu Dhabi
85%
Havana
85%
Pyongyang
85%
Riyadh
85%
Tirana
85%
Ulaanbaatar
85%
Wellington
85%
Bangkok
84%
Bratislava
84%
Montevideo
84%
Muscat
84%
Sucre/ La Paz
84%
Vilnius
84%
Zagreb
84%
Addis Ababa
83%
Amman
83%
Caracas
83%
Dhaka
83%
Georgetown
83%
Kathmandu
83%
Nur Sultan
83%
Port au Prince
83%
Quito
83%
Rabat
83%
San Salvador
83%
Sarajevo
83%
Taipei
83%
Tbilisi
83%
Tripoli
83%
Vaduz
83%
Beirut
82%
Dakar
82%
Kuala Lumpur
82%
Asunción
81%
Chisinau
81%
Hanoi
81%
Kingston
81%
Kingstown
81%
Ljubljana
81%
Manila
81%
Nairobi
81%
Pristina
81%
Singapore
81%
Skopje
81%
Kinshasa
80%
Luanda
80%
Nicosia
80%
Sanaa
80%
Khartoum
79%
Podgorica
79%
San Jose
79%
Freetown
78%
Kuwait
78%
Nassau
78%
Santo Domingo
78%
Brazzaville
77%
Djibouti
77%
Doha
77%
Phnom Penh
77%
Vientiane
77%
Accra
76%
Bissau
76%
Tashkent
76%
Thimphu
76%
Windhoek
76%
Bishkek
75%
Dili
75%
Male
75%
Mogadishu
75%
Port Moresby
75%
Abuja
74%
Belmopan
74%
Ashgabat
73%
Harare
73%
Juba
73%
Managua
73%
Monrovia
73%
Ndjamena
73%
Port of Spain
73%
Kampala
72%
Paramaribo
72%
Libreville
71%
Manama
71%
São Tomé
71%
Victoria
71%
Naypyidaw
70%
Niamey
70%
St Johns
70%
Tegucigalpa
70%
Yaounde
70%
Asmara
69%
Bamako
69%
Dushanbe
69%
Gaborone
69%
Maputo
69%
Antananarivo
68%
St. George's
68%
Apia
67%
Bandar Seri Begawan
67%
Bridgetown
67%
Dodoma
67%
Lomé
67%
Lusaka
67%
Suva
67%
Bangui
66%
Conakry
66%
Kigali
66%
Port Louis
66%
Porto Novo/ Cotonou
66%
Roseau
66%
Valetta
66%
Yamoussoukro
66%
Banjul
65%
Mbabane / Lobamba
65%
Nouakchott
65%
Ouagadougou
65%
Basseterre
64%
Colombo / Sri Jayawardenepura Kotte
64%
Lilongwe
64%
Praia
63%
Port Vila
62%
Castries
61%
Funafuti
61%
Honiara
61%
Maseru
61%
Malabo
60%
South Tarawa
59%
Moroni
58%
Palikir
58%
Gitega
57%
Majuro
56%
Yaren
56%
Nukualofa
55%
Ngerulmud
52%
Yeravan
35%

Score Distribution

Percentile by Number Answered

Percent of People with Each Score

Your Score History

You have not taken this quiz since the last reset